000 00612nam a2200241 a 4500
001 nice12345678
003 IN_TiNIC
005 20260116011534.0
008 050524s1967 dela grp 000 0 eng
020 _a
_c3.5
082 0 0 _a943.9
_bACZ
100 _aAczel, Tamas
245 _aTen Years After
_b Hungarian Revolution in the Perspective of History
260 _aDelhi
_bSterling Publishers
_c1967
300 _a253p
500 _aincludes index and biblioraphy
505 2 _aAppendix
650 _aHungary-History
700 1 _aAczel, Tamas
902 _bSRS
942 _cBK
999 _c2434
_d2434